=LDR 00000nam 2200000 4500 =001 INLIS000000000009957 =005 20130612101717 =008 ***********************************Ind** =035 ##$$0010-061300000009957 =041 ##$$a Ind =082 ##$$a 028.5 =090 ##$$a 028.5, Ber p =100 ##$$a Bertino, Andre =245 ##$$a Penyembuhan di Alpen, Andre Bertino Bertino, Fredo Falla ; alih bahasa, Esther S. mandjani =260 ##$$a 1996 $b Bogor =300 ##$$a 24 hlm, 21 cm =650 ##$$a Bacaan Kanak-Kanak =850 ##$$a NBPNMAT